[Event "Wijk aan Zee"]
[Site "?"]
[Date "2000.??.??"]
[Round "?"]
[White "Kramnik, Vladimir"]
[Black "Kasparov, Garry"]
[Result "1/2-1/2"]
[WhiteElo "2755"]
[BlackElo "2850"]
[PlyCount "74"]
[EventDate "2000.??.??"]
[Source "Chess Informant"]
[SourceDate "1999.10.01"]

1. d4 Nf6 2. c4 g6 3. Nc3 d5 4. cxd5 Nxd5 5. e4 Nxc3 6. bxc3 Bg7 7. Nf3 c5 8. h3 O-O 9. Be2 b5 10. Be3 Bb7 11. Qd3 cxd4 12. cxd4 Nd7 13. O-O Nb6 14. Qb1 Na4 15. Qxb5 Nc3 16. Qxb7 Nxe2+ 17. Kh1 Nxd4 18. Rad1 e5 19. Nxe5 Bxe5 20. f4 Bg7 21. e5 Qb6 22. Qxb6 axb6 23. Bxd4 Rxa2 24. Bxb6 Re8 25. Bd8 Ra6 26. Bc7 Rae6 27. g4 g5 28. f5 Rc6 29. Rd7 Bxe5 30. Re1 f6 31. Bxe5 Rxe5 32. Rxe5 fxe5 33. Re7 h5 34. Kg2 hxg4 35. hxg4 Rc4 36. Kf3 Rf4+ 37. Kg3 e4 1/2-1/2

[Event "Amber 2007 Blindfold"]
[Site "Monte Carlo MNC"]
[Date "2007.03.28"]
[Round "10"]
[White "Kramnik, V."]
[Black "Svidler, P."]
[Result "1/2-1/2"]
[WhiteElo "2766"]
[BlackElo "2728"]
[PlyCount "54"]
[EventDate "2007.03.17"]
[Source "www.chesslib.no"]
[SourceDate "2004.05.04"]

1. d4 Nf6 2. c4 g6 3. Nc3 d5 4. cxd5 Nxd5 5. e4 Nxc3 6. bxc3 Bg7 7. Nf3 c5 8. Bb5+ Nc6 9. O-O cxd4 10. cxd4 O-O 11. Be3 Bg4 12. Bxc6 bxc6 13. Rc1 Qa5 14. Qd2 Qxd2 15. Nxd2 Rfd8 16. Nb3 a5 17. Rxc6 a4 18. Nc5 Bxd4 19. Bxd4 Rxd4 20. f3 Rc8 21. Rxc8+ Bxc8 22. Rc1 a3 23. Nb3 Rd8 24. Rc7 Be6 25. Ra7 Rd1+ 26. Kf2 Bxb3 27. axb3 Rd2+ 1/2-1/2

[Event "Israel"]
[Site "?"]
[Date "2000.??.??"]
[Round "?"]
[White "Avrukh, B."]
[Black "Kasparov, Garry"]
[Result "1/2-1/2"]
[WhiteElo "2620"]
[BlackElo "2850"]
[PlyCount "75"]
[EventDate "2000.??.??"]
[Source "Chess Informant"]
[SourceDate "2000.02.01"]

1. d4 Nf6 2. c4 g6 3. Nc3 d5 4. cxd5 Nxd5 5. e4 Nxc3 6. bxc3 Bg7 7. Nf3 c5 8. Rb1 O-O 9. Be2 b6 10. O-O Bb7 11. Qd3 Ba6 12. Qe3 Qd7 13. Bxa6 Nxa6 14. Qe2 Nc7 15. Rd1 Rad8 16. Be3 Qa4 17. Rdc1 Rd7 18. Qc2 Qxc2 19. Rxc2 cxd4 20. cxd4 f5 21. Rbc1 Nb5 22. e5 f4 23. a4 fxe3 24. axb5 Bh6 25. Ra1 Rd5 26. Rxa7 Rxb5 27. Kf1 Re8 28. fxe3 Bxe3 29. Ke2 Bf4 30. Raa2 Kf7 31. Rcb2 Ra5 32. Rxa5 bxa5 33. Ra2 Ra8 34. Ra4 Ke6 35. d5+ Kf5 36. Nh4+ Kxe5 37. Nf3+ Kf5 38. Nh4+ 1/2-1/2

[Event "Pivdenny Bank Cup"]
[Site "Odessa UKR"]
[Date "2007.07.06"]
[Round "7"]
[White "Gelfand, B."]
[Black "Shirov, A."]
[Result "0-1"]
[WhiteElo "2733"]
[BlackElo "2699"]
[PlyCount "108"]
[EventDate "2007.07.04"]
[Source "www.chesslib.no"]
[SourceDate "2004.05.04"]

1. d4 Nf6 2. c4 g6 3. Nc3 d5 4. cxd5 Nxd5 5. e4 Nxc3 6. bxc3 Bg7 7. Nf3 c5 8. Rb1 O-O 9. Be2 cxd4 10. cxd4 Qa5+ 11. Bd2 Qxa2 12. O-O Bg4 13. Be3 Nc6 14. d5 Na5 15. Bg5 b6 16. Bxe7 Rfe8 17. d6 Nc6 18. Bb5 Nxe7 19. h3 Bxf3 20. Qxf3 Qe6 21. Bxe8 Rxe8 22. dxe7 Rxe7 23. Rfe1 Bd4 24. Rbd1 Qe5 25. Rd3 a5 26. Qd1 Bc5 27. Re2 Re6 28. g3 Rd6 29. Kg2 Rxd3 30. Qxd3 a4 31. Rd2 a3 32. Qc4 Kg7 33. Rd7 Qf6 34. f4 Qb2+ 35. Kf3 Qf2+ 36. Kg4 h5+ 37. Kh4 g5+ 38. fxg5 Kg6 39. Qc3 f6 40. Rd5 a2 41. Rf5 Qf4+ 42. gxf4 Bf2+ 43. Qg3 Bxg3+ 44. Kxg3 a1=Q 45. Rxf6+ Kg7 46. e5 b5 47. Kh4 b4 48. Kxh5 Qd1+ 49. Kh4 b3 50. e6 b2 51. Rf7+ Kg8 52. Rb7 b1=Q 53. Rxb1 Qxb1 54. Kg4 Qe4 0-1

[Event "Las Palmas-qf (m/02)"]
[Site "?"]
[Date "1995.??.??"]
[Round "?"]
[White "Kamsky, Gata"]
[Black "Anand, Viswanathan"]
[Result "1/2-1/2"]
[WhiteElo "2710"]
[BlackElo "2715"]
[PlyCount "36"]
[EventDate "1995.??.??"]
[Source "www.chesslib.no"]
[SourceDate "2004.05.04"]

1. d4 Nf6 2. c4 g6 3. Nc3 d5 4. cxd5 Nxd5 5. e4 Nxc3 6. bxc3 Bg7 7. Nf3 c5 8. Rb1 Qd5 9. Be2 Qe6 10. Qc2 Qf5 11. Bd2 cxd4 12. Bg5 Qd5 13. Qd2 h6 14. Ba6 Qb5 15. Qf4 Nd7 16. Ra1 e5 17. Qe3 Qb1+ 18. Ke2 Qc2+ 1/2-1/2

[Event "Dos Hermanas"]
[Site "?"]
[Date "1995.??.??"]
[Round "?"]
[White "Gelfand, B."]
[Black "Kamsky, G."]
[Result "1/2-1/2"]
[WhiteElo "2700"]
[BlackElo "2710"]
[PlyCount "160"]
[EventDate "1995.??.??"]
[Source "ChessBase"]
[SourceDate "1995.02.01"]

1. d4 Nf6 2. c4 g6 3. Nc3 d5 4. cxd5 Nxd5 5. e4 Nxc3 6. bxc3 Bg7 7. Nf3 c5 8. Rb1 O-O 9. Be2 cxd4 10. cxd4 Qa5+ 11. Bd2 Qxa2 12. O-O Bg4 13. Bg5 h6 14. Be3 Nc6 15. Rxb7 Rab8 16. Rxb8 Rxb8 17. h3 Bxf3 18. Bxf3 Rd8 19. d5 Ne5 20. Qc1 Kh7 21. Qc7 Rd7 22. Qc8 Qc4 23. Qe8 Rb7 24. Rc1 Qb5 25. Qxb5 Rxb5 26. Bxa7 f5 27. Rd1 Bf6 28. Kf1 Kg7 29. d6 exd6 30. Rxd6 Kf7 31. Be2 Rb1+ 32. Rd1 Rxd1+ 33. Bxd1 fxe4 34. Bb3+ Kg7 35. Bd5 Nf7 36. Bxe4 Nd6 37. Bd3 Nf5 38. Bc5 Bd4 39. Bb4 Kf6 40. Bd2 h5 41. Ke2 Bc5 42. Bc3+ Bd4 43. Ba5 Bc5 44. Bd8+ Kg7 45. Bc4 Nd4+ 46. Ke1 Nc6 47. Bg5 Nd4 48. Bc1 Bb4+ 49. Kf1 Bc3 50. f4 Nf5 51. Kf2 Kf6 52. Bd3 Nd4 53. Ba3 Nf5 54. g4 hxg4 55. hxg4 Nd4 56. g5+ Kf7 57. Bc4+ Kg7 58. Bc5 Nf5 59. Kf3 Bb2 60. Ke4 Ng3+ 61. Kf3 Nf5 62. Bb6 Bc1 63. Bc7 Bd2 64. Be5+ Kf8 65. Bb3 Bc1 66. Kg4 Ne3+ 67. Kh3 Nf5 68. Be6 Ng7 69. Bd6+ Ke8 70. Bc4 Nf5 71. Be5 Kf8 72. Bd3 Kf7 73. Kg4 Ne3+ 74. Kf3 Nf5 75. Bc4+ Kf8 76. Ke4 Ng3+ 77. Kf3 Nf5 78. Be6 Ng7 79. Bg4 Kf7 80. Ke4 Ne6 1/2-1/2

[Event "Polanica Zdroj"]
[Site "?"]
[Date "2000.??.??"]
[Round "?"]
[White "Krasenkow, M."]
[Black "Svidler, P."]
[Result "1-0"]
[WhiteElo "2700"]
[BlackElo "2685"]
[PlyCount "81"]
[EventDate "2000.??.??"]
[Source "Chess Informant"]
[SourceDate "2000.06.01"]

1. d4 Nf6 2. c4 g6 3. Nc3 d5 4. cxd5 Nxd5 5. e4 Nxc3 6. bxc3 Bg7 7. Nf3 c5 8. Rb1 O-O 9. Be2 cxd4 10. cxd4 Qa5+ 11. Bd2 Qxa2 12. O-O Bg4 13. Bg5 h6 14. Be3 Nc6 15. d5 Bxf3 16. gxf3 Nd4 17. Bd3 Qa3 18. f4 Qd6 19. Rxb7 Rfb8 20. Qb1 Nf3+ 21. Kg2 Nh4+ 22. Kh1 g5 23. Rg1 gxf4 24. Bc5 Qe5 25. Bd4 Rxb7 26. Qxb7 Qxd4 27. Qxa8+ Kh7 28. Bb1 Qe5 29. Qe8 Nf3 30. Rc1 Kg6 31. Rc6+ Bf6 32. Qg8+ Kh5 33. Qxf7+ Kh4 34. Qg6 Bg5 35. Kg2 Nd4 36. f3 Qb8 37. e5 Qxe5 38. Qe4 Nxc6 39. dxc6 Bf6 40. c7 Qxc7 41. Qe1+ 1-0

[Event "Poikovsky 87/(408)"]
[Site "?"]
[Date "2003.??.??"]
[Round "?"]
[White "Lautier, J."]
[Black "Svidler, P."]
[Result "1/2-1/2"]
[WhiteElo "2666"]
[BlackElo "2713"]
[PlyCount "55"]
[EventDate "2003.??.??"]
[Source "Chess Informant"]
[SourceDate "2003.02.01"]

1. d4 Nf6 2. c4 g6 3. Nc3 d5 4. cxd5 Nxd5 5. e4 Nxc3 6. bxc3 Bg7 7. Nf3 c5 8. Be3 Qa5 9. Qd2 Nc6 10. Rc1 cxd4 11. cxd4 Qxd2+ 12. Kxd2 O-O 13. d5 Rd8 14. Ke1 Na5 15. Bg5 Bd7 16. Bd3 Rdc8 17. Ke2 e6 18. Be3 exd5 19. exd5 b5 20. Nd2 a6 21. Ne4 Nc4 22. Bxc4 bxc4 23. Nc5 Rd8 24. Nxd7 Rxd7 25. Rxc4 Rxd5 26. Rhc1 h5 27. Ra4 Rd6 28. Rc7 1/2-1/2

[Event "Horgen"]
[Site "?"]
[Date "1995.??.??"]
[Round "?"]
[White "Ehlvest, J."]
[Black "Ivanchuk, V."]
[Result "1/2-1/2"]
[WhiteElo "2630"]
[BlackElo "2740"]
[PlyCount "39"]
[EventDate "1995.??.??"]
[Source "ChessBase"]
[SourceDate "1995.10.01"]

1. d4 Nf6 2. c4 g6 3. Nc3 d5 4. cxd5 Nxd5 5. e4 Nxc3 6. bxc3 Bg7 7. Nf3 c5 8. Be3 Bg4 9. Qd2 cxd4 10. cxd4 Nc6 11. Rd1 O-O 12. Be2 Rc8 13. O-O Qa5 14. Qxa5 Nxa5 15. Rc1 Nc6 16. d5 Bxf3 17. Bxf3 Nd4 18. Rfd1 b6 19. Bxd4 Rxc1 20. Rxc1 1/2-1/2

[Event "FIDE GP"]
[Site "Dubai"]
[Date "2002.04.07"]
[Round "4.3"]
[White "Georgiev, Kiril"]
[Black "Leko, Peter"]
[Result "1/2-1/2"]
[WhiteElo "2655"]
[BlackElo "2713"]
[PlyCount "71"]
[EventDate "2002.04.03"]
[Source "ChessBase"]
[SourceDate "2002.08.12"]

1. d4 Nf6 2. c4 g6 3. Nc3 d5 4. cxd5 Nxd5 5. e4 Nxc3 6. bxc3 Bg7 7. Nf3 c5 8. Be3 Bg4 9. Rb1 Bxf3 10. gxf3 Nc6 11. e5 cxd4 12. cxd4 Qa5+ 13. Qd2 Qxd2+ 14. Kxd2 O-O-O 15. Kc3 e6 16. f4 Ne7 17. Bg2 Nd5+ 18. Kd3 Rd7 19. h4 h5 20. Rhc1+ Kb8 21. a4 Bh6 22. Bxd5 Rxd5 23. Rc5 Rhd8 24. Rxd5 Rxd5 25. f5 Bxe3 26. fxe3 gxf5 27. Rg1 Ra5 28. Rg7 Rxa4 29. Rxf7 Kc8 30. Re7 Ra6 31. Rh7 b5 32. Rxh5 Ra3+ 33. Kd2 Ra2+ 34. Kd3 Ra3+ 35. Kd2 Ra2+ 36. Kd3 1/2-1/2

[Event "Bosna 2001"]
[Site "Sarajevo"]
[Date "2001.05.22"]
[Round "9"]
[White "Sokolov, Ivan"]
[Black "Topalov, Veselin"]
[Result "1/2-1/2"]
[WhiteElo "2659"]
[BlackElo "2707"]
[PlyCount "63"]
[EventDate "2001.05.13"]
[Source "ChessBase"]
[SourceDate "2001.09.13"]

1. d4 Nf6 2. c4 g6 3. Nc3 d5 4. cxd5 Nxd5 5. e4 Nxc3 6. bxc3 Bg7 7. Nf3 c5 8. Be3 Qa5 9. Qd2 Nc6 10. Rc1 Bg4 11. d5 Rd8 12. Qb2 Bxf3 13. gxf3 Nd4 14. Bxd4 cxd4 15. Qb5+ Qxb5 16. Bxb5+ Kf8 17. cxd4 Bxd4 18. Rc7 Be5 19. Rxb7 Rb8 20. Rxb8+ Bxb8 21. O-O Bf4 22. Re1 Kg7 23. e5 Rc8 24. Bc6 e6 25. Re4 g5 26. h4 h6 27. hxg5 hxg5 28. Kg2 exd5 29. Bxd5 Re8 30. e6 fxe6 31. Bxe6 Kf6 32. Bb3 1/2-1/2

[Event "NED-ch op 5'"]
[Site "Dordrecht"]
[Date "2001.02.24"]
[Round "8"]
[White "Lautier, Joel"]
[Black "Van Wely, Loek"]
[Result "1-0"]
[WhiteElo "2658"]
[BlackElo "2700"]
[PlyCount "103"]
[EventDate "2001.02.24"]
[Source "ChessBase"]
[SourceDate "2001.03.08"]

1. d4 Nf6 2. c4 g6 3. Nc3 d5 4. cxd5 Nxd5 5. e4 Nxc3 6. bxc3 Bg7 7. Nf3 c5 8. Be3 O-O 9. Be2 Bg4 10. O-O Qc7 11. h3 Bxf3 12. Bxf3 Rd8 13. Qa4 Nc6 14. d5 Ne5 15. Be2 a6 16. c4 Nd7 17. Rab1 Bd4 18. Bxd4 cxd4 19. Qd1 Qc5 20. Rxb7 Rab8 21. Qb3 Rxb7 22. Qxb7 Ne5 23. Rd1 g5 24. Qb2 d3 25. Qxe5 dxe2 26. Qxg5+ Kf8 27. Re1 Qxc4 28. Qe3 Qxa2 29. Rxe2 Qa1+ 30. Re1 Qe5 31. Qh6+ Ke8 32. Qxa6 f5 33. Qh6 fxe4 34. Qxh7 Rxd5 35. Qxe4 Qd6 36. g3 Rd4 37. Qf5 Kd8 38. Rc1 e6 39. Qa5+ Ke7 40. Qc7+ Kf6 41. Qxd6 Rxd6 42. Kg2 e5 43. Re1 Rd2 44. Kf3 Kf5 45. h4 Rd3+ 46. Re3 e4+ 47. Ke2 Rd5 48. Ra3 Rb5 49. Ke3 Rd5 50. Ra8 Rd3+ 51. Ke2 Ra3 52. Rxa3 1-0

[Event "Biel"]
[Site "Biel"]
[Date "2004.07.21"]
[Round "3"]
[White "Bacrot, Etienne"]
[Black "McShane, Luke J"]
[Result "1-0"]
[WhiteElo "2712"]
[BlackElo "2643"]
[PlyCount "55"]
[EventDate "2004.07.19"]
[SourceDate "2004.08.05"]

1. d4 Nf6 2. c4 g6 3. Nc3 d5 4. cxd5 Nxd5 5. e4 Nxc3 6. bxc3 Bg7 7. Nf3 c5 8. Rb1 O-O 9. Be2 cxd4 10. cxd4 Qa5+ 11. Bd2 Qxa2 12. O-O Bg4 13. Bg5 h6 14. Be3 Nc6 15. d5 Rfd8 16. Rxb7 e6 17. Rc7 Bxf3 18. Bxf3 Ne5 19. d6 Bf8 20. Bc5 Qa5 21. Be2 Rac8 22. Qa1 Qxa1 23. Rxa1 Rxc7 24. dxc7 Rc8 25. Bxf8 Kxf8 26. Rc1 Ke7 27. Ba6 Kd7 28. Rd1+ 1-0

[Event "NED-ch op 5'"]
[Site "?"]
[Date "2002.02.15"]
[Round "?"]
[White "Sokolov Ivan"]
[Black "Van Wely Loek"]
[Result "0-1"]
[WhiteElo "2655"]
[BlackElo "2695"]
[PlyCount "46"]
[EventDate "2002.??.??"]
[Source "www.chesslib.no"]
[SourceDate "2004.05.04"]

1. d4 Nf6 2. c4 g6 3. Nc3 d5 4. cxd5 Nxd5 5. e4 Nxc3 6. bxc3 Bg7 7. Nf3 c5 8. Be3 Qa5 9. Bd2 O-O 10. Be2 Bg4 11. O-O Nc6 12. Rb1 Bxf3 13. gxf3 cxd4 14. cxd4 Qxa2 15. d5 Nd4 16. Rxb7 Rab8 17. Rxb8 Rxb8 18. Kh1 Rb2 19. Be3 Rxe2 20. Qd3 Nxf3 21. d6 exd6 22. Qxd6 Rxe3 23. fxe3 Be5 0-1

[Event "IV RUS-CHN Match"]
[Site "Nizhniy Novgorod RUS"]
[Date "2007.08.30"]
[Round "10"]
[White "Wang Yue"]
[Black "Timofeev, Arty"]
[Result "1-0"]
[WhiteElo "2696"]
[BlackElo "2650"]
[PlyCount "75"]
[EventDate "2007.08.20"]
[Source "www.chesslib.no"]
[SourceDate "2004.05.04"]

1. d4 Nf6 2. c4 g6 3. Nc3 d5 4. cxd5 Nxd5 5. e4 Nxc3 6. bxc3 Bg7 7. Nf3 c5 8. Rb1 O-O 9. Be2 b6 10. O-O Bb7 11. Qd3 Ba6 12. Qe3 Qd7 13. dxc5 Bxe2 14. Qxe2 bxc5 15. Qc4 Qc6 16. e5 Nd7 17. Re1 e6 18. Qh4 Rfb8 19. Ra1 Qc7 20. Bf4 c4 21. Rad1 Nc5 22. Bh6 Nd3 23. Bxg7 Kxg7 24. Qf6+ Kg8 25. Re4 Rb2 26. Rf1 Rab8 27. h4 Rxa2 28. Ng5 Rf8 29. h5 Qd8 30. Nxh7 Qxf6 31. Nxf6+ Kg7 32. h6+ Kh8 33. f4 Rc8 34. Rd4 g5 35. fxg5 Nxe5 36. Rfd1 Nd3 37. Rd7 Rf8 38. g6 1-0

[Event "Pune"]
[Site "?"]
[Date "2004.??.??"]
[Round "?"]
[White "Sasikiran, K."]
[Black "Sutovsky, E."]
[Result "0-1"]
[WhiteElo "2665"]
[BlackElo "2675"]
[PlyCount "56"]
[EventDate "2004.??.??"]
[Source "Chess Informant"]
[SourceDate "2004.06.01"]

1. d4 Nf6 2. c4 g6 3. Nc3 d5 4. cxd5 Nxd5 5. e4 Nxc3 6. bxc3 Bg7 7. Nf3 c5 8. Bb5+ Nc6 9. O-O cxd4 10. cxd4 O-O 11. Be3 Bg4 12. Bxc6 bxc6 13. Rc1 Qa5 14. Qe2 Rfd8 15. Rc5 Qa3 16. Rd1 e5 17. d5 cxd5 18. exd5 e4 19. Qc4 Re8 20. Bc1 Bb2 21. Bxb2 Qxb2 22. d6 Qf6 23. Rc6 Bxf3 24. gxf3 Qxf3 25. Qd5 Re5 26. Qxe5 Qxd1+ 27. Kg2 Qf3+ 28. Kg1 e3 0-1

[Event "Yerevan ol (Men)"]
[Site "Yerevan"]
[Date "1996.??.??"]
[Round "3"]
[White "Ftacnik, Lubomir"]
[Black "Ivanchuk, Vassily"]
[Result "1/2-1/2"]
[WhiteElo "2610"]
[BlackElo "2730"]
[PlyCount "85"]
[EventDate "1996.09.??"]
[Source "www.chesslib.no"]
[SourceDate "2004.05.04"]

1. d4 Nf6 2. c4 g6 3. Nc3 d5 4. cxd5 Nxd5 5. e4 Nxc3 6. bxc3 Bg7 7. Nf3 c5 8. Bb5+ Nc6 9. O-O cxd4 10. cxd4 O-O 11. Be3 Bg4 12. Bxc6 bxc6 13. Rc1 Bxf3 14. Qxf3 Bxd4 15. Rfd1 c5 16. Rxc5 Bxe3 17. Rxd8 Bxc5 18. Rxa8 Rxa8 19. Qc3 Rd8 20. Kf1 Bd4 21. Qc7 Bb6 22. Qxe7 Rd2 23. Qe8+ Kg7 24. Qe5+ Kg8 25. f4 Rf2+ 26. Ke1 Rxg2 27. f5 Rc2 28. Qe8+ Kg7 29. Qe5+ Kg8 30. f6 Rc8 31. Qe7 Bc5 32. Qd7 Rb8 33. Qc7 Bb4+ 34. Kf2 Rb5 35. a4 Rb6 36. e5 Bf8 37. a5 Re6 38. Qxa7 Rxe5 39. Kg2 Re2+ 40. Kh1 Re1+ 41. Kg2 Re2+ 42. Kh1 Re1+ 43. Kg2 1/2-1/2

[Event "Belgrade Invest"]
[Site "?"]
[Date "1995.??.??"]
[Round "5"]
[White "Lautier, J."]
[Black "Shirov, A."]
[Result "1/2-1/2"]
[WhiteElo "2645"]
[BlackElo "2695"]
[PlyCount "65"]
[EventDate "1995.??.??"]
[Source "www.chesslib.no"]
[SourceDate "2004.05.04"]

1. d4 Nf6 2. c4 g6 3. Nc3 d5 4. cxd5 Nxd5 5. e4 Nxc3 6. bxc3 Bg7 7. Nf3 c5 8. Rb1 O-O 9. Be2 cxd4 10. cxd4 Qa5+ 11. Bd2 Qxa2 12. O-O b6 13. Qc1 Bb7 14. Bc4 Qa4 15. Bb5 Qa2 16. Re1 Rc8 17. Qd1 Qc2 18. Qe2 Nc6 19. Bd3 Qa2 20. Bc4 Qa4 21. Bb3 Qa6 22. Bc4 Qa4 23. Bb3 Qa6 24. Qe3 Na5 25. Bxf7+ Kxf7 26. Ng5+ Kg8 27. Qh3 h6 28. Qe6+ Kh8 29. Re3 b5 30. Nf7+ Kh7 31. Ng5+ Kh8 32. Nf7+ Kh7 33. Ng5+ 1/2-1/2

[Event "Tilburg"]
[Site "Tilburg"]
[Date "1992.??.??"]
[Round "1"]
[White "Gelfand, Boris"]
[Black "Kamsky, Gata"]
[Result "1/2-1/2"]
[WhiteElo "2685"]
[BlackElo "2655"]
[PlyCount "71"]
[EventDate "1992.10.??"]
[Source "ChessBase"]

1. d4 Nf6 2. c4 g6 3. Nc3 d5 4. cxd5 Nxd5 5. e4 Nxc3 6. bxc3 Bg7 7. Nf3 c5 8. Rb1 O-O 9. Be2 cxd4 10. cxd4 Qa5+ 11. Bd2 Qxa2 12. O-O Bg4 13. Be3 b6 14. Ra1 Qb2 15. h3 Bxf3 16. Bxf3 e5 17. d5 Nd7 18. Qa4 Nc5 19. Bxc5 bxc5 20. d6 Qb4 21. Qa6 Qb6 22. Be2 Rfd8 23. Rfd1 Rab8 24. Qd3 c4 25. Qxc4 Rxd6 26. Rxd6 Qxd6 27. Rxa7 Rf8 28. Qa2 Qb4 29. Bc4 Qe1+ 30. Kh2 Qxe4 31. Rxf7 Rxf7 32. Bxf7+ Kh8 33. g3 Bf8 34. Bd5 Qf5 35. Qa7 Qf6 36. Kg2 1/2-1/2

[Event "Tilburg 74/477"]
[Site "?"]
[Date "1998.??.??"]
[Round "?"]
[White "Lautier, Joel"]
[Black "Svidler, Peter"]
[Result "1-0"]
[WhiteElo "2625"]
[BlackElo "2710"]
[PlyCount "67"]
[EventDate "1998.??.??"]
[Source "ChessBase"]
[SourceDate "1998.10.01"]

1. d4 Nf6 2. c4 g6 3. Nc3 d5 4. cxd5 Nxd5 5. e4 Nxc3 6. bxc3 Bg7 7. Nf3 c5 8. Rb1 O-O 9. Be2 cxd4 10. cxd4 Qa5+ 11. Bd2 Qxa2 12. O-O Bg4 13. Bg5 h6 14. Bh4 Bf6 15. Bxf6 exf6 16. Rxb7 Nc6 17. h3 Bxf3 18. Bxf3 Qc4 19. d5 Ne5 20. Qd2 Nxf3+ 21. gxf3 Qc8 22. Qb2 f5 23. e5 Qc4 24. Rd1 Rad8 25. d6 Qf4 26. Qc3 a5 27. Re1 Rb8 28. Rxb8 Rxb8 29. d7 Rd8 30. e6 Qg5+ 31. Kf1 Qe7 32. Qc6 Kh7 33. Qc7 Kg7 34. Qxd8 1-0

[Event "Madrid 72/425"]
[Site "?"]
[Date "1998.??.??"]
[Round "?"]
[White "Krasenkow, Michal"]
[Black "Leko, Peter"]
[Result "1/2-1/2"]
[WhiteElo "2660"]
[BlackElo "2670"]
[PlyCount "85"]
[EventDate "1998.??.??"]
[Source "ChessBase"]
[SourceDate "1998.02.01"]

1. d4 Nf6 2. c4 g6 3. Nc3 d5 4. cxd5 Nxd5 5. e4 Nxc3 6. bxc3 Bg7 7. Nf3 c5 8. Rb1 O-O 9. Be2 cxd4 10. cxd4 Qa5+ 11. Bd2 Qxa2 12. O-O Bg4 13. Be3 Nc6 14. d5 Na5 15. Bc5 Bf6 16. e5 Bxe5 17. Rb4 Bxf3 18. Bxf3 Rae8 19. Bxa7 b5 20. Rxb5 Nc4 21. Qe2 Qxa7 22. Qxc4 Rc8 23. Qe2 Bd6 24. Rbb1 Rc3 25. g3 Rfc8 26. Rb2 Qd4 27. Rd2 Qf6 28. Be4 h5 29. h4 R8c4 30. Rd3 Rxd3 31. Qxd3 Rc3 32. Qd2 Bb4 33. Qe2 Bc5 34. Kg2 Kg7 35. Rd1 Qe5 36. Bf3 Qxe2 37. Bxe2 Rc2 38. Kf1 Kf6 39. Rd3 Ke5 40. Rf3 f5 41. Bb5 Bd4 42. Be8 Kf6 43. Bd7 1/2-1/2

[Event "Tilburg"]
[Site "?"]
[Date "1990.??.??"]
[Round "?"]
[White "Gelfand, B."]
[Black "Kamsky, G."]
[Result "1/2-1/2"]
[WhiteElo "2680"]
[BlackElo "2650"]
[PlyCount "71"]
[EventDate "1990.??.??"]
[Source "ChessBase"]
[SourceDate "1990.07.01"]

1. d4 Nf6 2. c4 g6 3. Nc3 d5 4. cxd5 Nxd5 5. e4 Nxc3 6. bxc3 Bg7 7. Nf3 c5 8. Rb1 O-O 9. Be2 cxd4 10. cxd4 Qa5+ 11. Bd2 Qxa2 12. O-O Qe6 13. Qc2 Qc6 14. Qd3 Qd6 15. Bb4 Qd8 16. Qa3 Nc6 17. Bc5 Bxd4 18. Nxd4 Nxd4 19. Bxe7 Nxe2+ 20. Kh1 Qe8 21. Bxf8 Qxf8 22. Qe3 a5 23. Qxe2 a4 24. Rb5 Qe7 25. Ra1 Be6 26. e5 a3 27. Qf3 a2 28. Qxb7 Qd8 29. h3 Rc8 30. Rb2 Qg5 31. Rbxa2 Rc1+ 32. Rxc1 Qxc1+ 33. Kh2 Bxa2 34. Qa8+ Kg7 35. Qxa2 Qf4+ 36. g3 1/2-1/2

[Event "Hoogovens"]
[Site "Wijk aan Zee"]
[Date "1998.01.29"]
[Round "11"]
[White "Van Wely, Loek"]
[Black "Shirov, Alexei"]
[Result "1/2-1/2"]
[WhiteElo "2605"]
[BlackElo "2710"]
[PlyCount "72"]
[EventDate "1998.01.16"]
[Source "ChessBase"]
[SourceDate "1998.04.09"]

1. d4 Nf6 2. c4 g6 3. Nc3 d5 4. cxd5 Nxd5 5. e4 Nxc3 6. bxc3 Bg7 7. Nf3 c5 8. Rb1 O-O 9. Be2 cxd4 10. cxd4 Qa5+ 11. Bd2 Qxa2 12. O-O b6 13. Bg5 Bb7 14. d5 e6 15. Be7 Re8 16. d6 Bxe4 17. Bb5 Bc6 18. Qd3 Qd5 19. Qxd5 exd5 20. Rfc1 Bxb5 21. Rxb5 a5 22. Rxd5 a4 23. d7 Nxd7 24. Rxd7 a3 25. Bxa3 Rxa3 26. Rb7 Rb3 27. h4 Bh6 28. Rc6 Rb1+ 29. Kh2 Re2 30. Kg3 Rf1 31. Rc8+ Kg7 32. Rcc7 Rfxf2 33. Rxf7+ Kg8 34. Rxh7 Rxg2+ 35. Kh3 Rgf2 36. Kg3 Rg2+ 1/2-1/2

[Event "Ashdod"]
[Site "?"]
[Date "2004.??.??"]
[Round "?"]
[White "Avrukh, B."]
[Black "Sutovsky, E."]
[Result "1-0"]
[WhiteElo "2610"]
[BlackElo "2695"]
[PlyCount "75"]
[EventDate "2004.??.??"]
[Source "Chess Informant"]
[SourceDate "2004.10.01"]

1. d4 Nf6 2. c4 g6 3. Nc3 d5 4. cxd5 Nxd5 5. e4 Nxc3 6. bxc3 Bg7 7. Nf3 c5 8. Rb1 O-O 9. Be2 Nc6 10. d5 Bxc3+ 11. Bd2 Bxd2+ 12. Qxd2 Na5 13. h4 Bg4 14. Ng5 Bxe2 15. Kxe2 e6 16. h5 Nc4 17. Qc1 exd5 18. hxg6 fxg6 19. Rxh7 Qf6 20. f4 b6 21. Rb3 Rae8 22. Rbh3 Re7 23. R7h6 Nd6 24. Qd2 d4 25. Qd3 Nf7 26. Qc4 d3+ 27. Rxd3 b5 28. Qd5 Re5 29. fxe5 Qxg5 30. e6 Qxh6 31. Rf3 Qh2 32. e7 Qxg2+ 33. Rf2 Qg4+ 34. Kd2 Qc8 35. Rxf7 Rxf7 36. Qd8+ Kh7 37. Qxc8 Rxe7 38. Ke3 1-0

[Event "Biel GM"]
[Site "Biel"]
[Date "2003.07.24"]
[Round "4"]
[White "Bacrot, Etienne"]
[Black "Smirin, Ilia"]
[Result "1-0"]
[WhiteElo "2645"]
[BlackElo "2656"]
[PlyCount "51"]
[EventDate "2003.07.21"]
[Source "ChessBase"]
[SourceDate "2003.11.11"]

1. d4 Nf6 2. c4 g6 3. Nc3 d5 4. cxd5 Nxd5 5. e4 Nxc3 6. bxc3 Bg7 7. Nf3 c5 8. Rb1 O-O 9. Be2 b6 10. O-O Bb7 11. Qd3 Ba6 12. Qc2 Qd7 13. Bxa6 Nxa6 14. d5 c4 15. Ba3 Rfc8 16. Nd4 Bxd4 17. cxd4 b5 18. f4 e6 19. dxe6 Qxd4+ 20. Kh1 fxe6 21. Rxb5 Qd3 22. Qxd3 cxd3 23. Rd1 Rc4 24. Rxd3 Rxe4 25. h3 Rxf4 26. Rb7 1-0

[Event "Vidmar mem 12th "]
[Site "Portoroz"]
[Date "1997.??.??"]
[Round "10"]
[White "Chernin, Alexander"]
[Black "Azmaiparashvili, Zurab"]
[Result "1/2-1/2"]
[WhiteElo "2640"]
[BlackElo "2645"]
[PlyCount "61"]
[EventDate "1997.07.05"]
[Source "ChessBase"]
[SourceDate "1997.11.23"]

1. d4 Nf6 2. c4 g6 3. Nc3 d5 4. cxd5 Nxd5 5. e4 Nxc3 6. bxc3 Bg7 7. Nf3 c5 8. Rb1 O-O 9. Be2 cxd4 10. cxd4 Qa5+ 11. Bd2 Qxa2 12. O-O Bg4 13. Be3 Nc6 14. d5 Bxf3 15. Bxf3 Ne5 16. Rxb7 e6 17. dxe6 Qxe6 18. Rxa7 Rxa7 19. Bxa7 Nxf3+ 20. Qxf3 Re8 21. Re1 f5 22. Qe3 fxe4 23. f3 Qc4 24. fxe4 Re7 25. Kh1 Rf7 26. h3 Rf1+ 27. Rxf1 Qxf1+ 28. Qg1 Qd3 29. Qe1 Bc3 30. Qe3 Qb1+ 31. Qg1 1/2-1/2

[Event "49th New York Masters"]
[Site "New York"]
[Date "2003.03.25"]
[Round "2"]
[White "Kreiman, Boris"]
[Black "Ehlvest, Jaan"]
[Result "0-1"]
[WhiteElo "2581"]
[BlackElo "2702"]
[PlyCount "120"]
[EventDate "2003.03.25"]
[Source "Roberto Alvarez"]
[SourceDate "2003.05.19"]

1. d4 Nf6 2. c4 g6 3. Nc3 d5 4. cxd5 Nxd5 5. e4 Nxc3 6. bxc3 Bg7 7. Nf3 O-O 8. Be2 b6 9. O-O Bb7 10. Qd3 Nc6 11. Bg5 Qd7 12. Qe3 Rfe8 13. Bb5 a6 14. Ba4 b5 15. Bc2 Na5 16. Rad1 Qc6 17. e5 Qe6 18. a4 Nc4 19. Qf4 f6 20. Bh4 fxe5 21. Ng5 exf4 22. Nxe6 Bh6 23. Nxc7 g5 24. axb5 axb5 25. Nxa8 Bxa8 26. Rfe1 gxh4 27. Bf5 Bg5 28. d5 Nd6 29. Be6+ Kg7 30. Ra1 Bf6 31. Ra3 Bb7 32. Rb1 Bc8 33. Rb4 Bxe6 34. dxe6 Be5 35. Kf1 Rc8 36. Rbb3 Kf6 37. Ke2 Kxe6 38. Kd3 Rc5 39. Ra6 Kf5 40. Ra8 Bf6 41. Rb8 Rd5+ 42. Kc2 h3 43. gxh3 Re5 44. Kd3 f3 45. Rg8 Ne4 46. Rb2 Nc5+ 47. Kc2 Re2+ 48. Kb1 Rxb2+ 49. Kxb2 b4 50. Rg3 Bxc3+ 51. Kc2 Ke4 52. Rg4+ Kd5 53. Rf4 Bd4 54. Rxf3 b3+ 55. Kb1 Kc4 56. Rf7 Bf6 57. Rf8 Ne4 58. Rc8+ Kd3 59. Rb8 Nd2+ 60. Kc1 b2+ 0-1